000 00567nam a22001577a 4500
005 20120517131331.0
020 _c00
035 _aA-410950
037 _aDPL
_bENG
100 _aRai, S.S.
_947292
245 _aThe red star and the lotus :
_bThe political dynamics of Indo-Soviet relations /
_cby S.S. Rai
260 _aDelhi
_bKonark Publishers Pvt Ltd
_c1990
300 _a347p.
_c20 cms.
942 _2ddc
_cEN
_h327.54047
_mRAI
999 _c66811
_d66811